000 00304nam a2200121 a 4500
005 20141022142002.0
008 080930s19uu xx 00 eng d
050 _aAVM
245 _aDealing with crisis and transition.
650 _aDVD.
650 _aDealing with crisis and transition.
942 _cAVM
999 _c276324
_d276324